<?xml version="1.0" encoding="UTF-8"?>
<record
    xmlns:xsi="http://www.w3.org/2001/XMLSchema-instance"
    xsi:schemaLocation="http://www.loc.gov/MARC21/slim http://www.loc.gov/standards/marcxml/schema/MARC21slim.xsd"
    xmlns="http://www.loc.gov/MARC21/slim">

  <leader>02453nam a2200301   4500</leader>
  <controlfield tag="001">113865</controlfield>
  <controlfield tag="003">DR-UNIBE</controlfield>
  <controlfield tag="005">20250711133343.0</controlfield>
  <controlfield tag="008">250711b2014    dr ||||| |||| 00| 0 spa d</controlfield>
  <datafield tag="020" ind1=" " ind2=" ">
    <subfield code="a">9789945457483</subfield>
  </datafield>
  <datafield tag="040" ind1=" " ind2=" ">
    <subfield code="a">BIBLIOTECA UNIBE</subfield>
    <subfield code="c">BIBLIOTECA UNIBE</subfield>
    <subfield code="b">spa</subfield>
  </datafield>
  <datafield tag="041" ind1=" " ind2=" ">
    <subfield code="a">spa</subfield>
  </datafield>
  <datafield tag="082" ind1=" " ind2=" ">
    <subfield code="2">22</subfield>
    <subfield code="a">RD 355.0097293 U92h </subfield>
  </datafield>
  <datafield tag="100" ind1="1" ind2=" ">
    <subfield code="a">Utrera, Cipriano de, Fray,</subfield>
    <subfield code="d">1886-1958</subfield>
    <subfield code="e">autor</subfield>
    <subfield code="9">107645</subfield>
  </datafield>
  <datafield tag="245" ind1="1" ind2="0">
    <subfield code="a">Historia militar de Santo Domingo :</subfield>
    <subfield code="b">(documentos y noticias) /</subfield>
    <subfield code="c">Cipriano de Utrera</subfield>
  </datafield>
  <datafield tag="250" ind1=" " ind2=" ">
    <subfield code="a">Segunda edici&#xF3;n</subfield>
  </datafield>
  <datafield tag="260" ind1=" " ind2=" ">
    <subfield code="a">Santo Domingo :</subfield>
    <subfield code="b">Sociedad Dominicana de Bibli&#xF3;filos, Inc. :</subfield>
    <subfield code="b">BanReservas,</subfield>
    <subfield code="c">2014</subfield>
  </datafield>
  <datafield tag="300" ind1=" " ind2=" ">
    <subfield code="a">3 vol&#xFA;menes ;</subfield>
    <subfield code="c">23 cm.</subfield>
  </datafield>
  <datafield tag="490" ind1="1" ind2=" ">
    <subfield code="a">Colecci&#xF3;n Bibli&#xF3;filos-Banreservas ;</subfield>
    <subfield code="v">10</subfield>
  </datafield>
  <datafield tag="500" ind1=" " ind2=" ">
    <subfield code="a">En biblioteca volumen 1.
Primera edici&#xF3;n, Ciudad Trujillo, D.S.D. Rep&#xFA;blica Dominicana, 1947; Segunda edici&#xF3;n Bibli&#xF3;filos-Banreservas, Santo Domingo, Rep&#xFA;blica Dominicana, 2014.</subfield>
  </datafield>
  <datafield tag="505" ind1="0" ind2=" ">
    <subfield code="a">Palabras liminares |
Exordio |
Presentaci&#xF3;n |
Advertencia |
Introducci&#xF3;n |
Libro I. Cap&#xED;tulo preliminar. Gobernaci&#xF3;n de la isla en el siglo XVI |
Cap&#xED;tulo I. Gobierno de don Bartolom&#xE9; Col&#xF3;n |
Cap&#xED;tulo II. Gobiernos de Fray Francisco de Bobadilla y Fray Nicol&#xE1;s de Ovando |
Cap&#xED;tulo III. Gobiernos de Don Diego Col&#xF3;n y de los jueces de apelaci&#xF3;n |
Cap&#xED;tulo IV. Gobiernos de los PP. Jer&#xF3;nimos y Alonso de Zuazo y de Rodrigo de Figueroa |
Cap&#xED;tulo V. Gobiernos de la Real Audiencia y de Don Diego Col&#xF3;n |
Cap&#xED;tulo VI, Gobierno de la Audiencia sin presidente (1523-1528) |
Cap&#xED;tulo VII. Presidencias de Sebasti&#xE1;n Ram&#xED;rez (1528-1531) y de Alonso de Fuenmayor (1534-1543) |
Cap&#xED;tulo VIII. Presidencia de Alonso de Fuenmayor (1534-1543) |
Cap&#xED;tulo IX. Presidencia de Alonso de Fuenmayor (1534-1543) (continuaci&#xF3;n) |
Cap&#xED;tulo X. Presidencia de Alonso de Fuenmayor (1534-1543) (continuaci&#xF3;n) |
Cap&#xED;tulo XI. Presidencia de Alonso de Fuenmayor (1534-1543) (continuaci&#xF3;n) |
Cap&#xED;tulo XII. Presidencia interina del licenciado Alonso L&#xF3;pez de Cerrato (1544-1548) |
Cap&#xED;tulo XIII. Presidencia interina del oidor Alonso de Grajeda
</subfield>
  </datafield>
  <datafield tag="651" ind1=" " ind2="7">
    <subfield code="2">lemb</subfield>
    <subfield code="a">Rep&#xFA;blica Dominicana</subfield>
    <subfield code="x">Historia militar</subfield>
    <subfield code="z">Siglo XVI</subfield>
    <subfield code="9">197253</subfield>
  </datafield>
  <datafield tag="700" ind1="1" ind2=" ">
    <subfield code="a">Armando, Juan Freddy,</subfield>
    <subfield code="d">1951-</subfield>
    <subfield code="e">coordinador</subfield>
    <subfield code="9">145515</subfield>
  </datafield>
  <datafield tag="700" ind1="1" ind2=" ">
    <subfield code="a">Mella, Mariano</subfield>
    <subfield code="e">coordinador</subfield>
    <subfield code="9">56191</subfield>
  </datafield>
  <datafield tag="700" ind1="1" ind2=" ">
    <subfield code="a">Ram&#xED;rez Paniagua, Enrique A.</subfield>
    <subfield code="e">palabras liminares</subfield>
    <subfield code="9">197254</subfield>
  </datafield>
  <datafield tag="700" ind1="1" ind2=" ">
    <subfield code="a">Rodr&#xED;guez Morel, Genaro</subfield>
    <subfield code="e">presentaci&#xF3;n</subfield>
  </datafield>
  <datafield tag="942" ind1=" " ind2=" ">
    <subfield code="2">ddc</subfield>
    <subfield code="c">BK</subfield>
  </datafield>
  <datafield tag="999" ind1=" " ind2=" ">
    <subfield code="c">113865</subfield>
    <subfield code="d">113865</subfield>
  </datafield>
  <datafield tag="952" ind1=" " ind2=" ">
    <subfield code="0">0</subfield>
    <subfield code="1">0</subfield>
    <subfield code="2">ddc</subfield>
    <subfield code="7">0</subfield>
    <subfield code="8">GEN-RD</subfield>
    <subfield code="a">Principal</subfield>
    <subfield code="d">2025-07-11</subfield>
    <subfield code="l">0</subfield>
    <subfield code="o">RD 355.0097293 U92h </subfield>
    <subfield code="p">250810</subfield>
    <subfield code="r">2025-07-11 13:32:43</subfield>
    <subfield code="t">Ej. 1</subfield>
    <subfield code="w">2025-07-11</subfield>
    <subfield code="y">BK</subfield>
  </datafield>
</record>
